000 00478nam a2200193 a 4500
001 1765950118305
003 ACL
005 20251217111556.0
008 251217s2005##################000#0#eng##
020 _a9781593373238
082 0 4 _a641.5
_bLAR
100 1 _aLarsen, Linda,
_eauthor.
245 1 0 _aThe Everything Meals For A Month Cookbook :
260 _bEverything,
_c2005.
300 _a304 pages
650 0 _aCooking.
942 _cENGLISH
040 _aACL
_beng
_cACL
999 _c602949
_d602949